| 000 -LEADER | |
|---|---|
| fixed length control field | 00484nam a22001817a 4500 |
| 005 - DATE AND TIME OF LATEST TRANSACTION | |
| control field | 20230117120925.0 |
| 008 - FIXED-LENGTH DATA ELEMENTS--GENERAL INFORMATION | |
| fixed length control field | 170915b xxu||||| |||| 00| 0 eng d |
| 020 ## - INTERNATIONAL STANDARD BOOK NUMBER | |
| ISBN | 978-81-31-2710-2 |
| 041 ## - LANGUAGE CODE | |
| Language code of text/sound track or separate title | eng |
| 082 ## - DEWEY DECIMAL CLASSIFICATION NUMBER | |
| Classification number | 547.07 |
| Item number | MAN-P |
| 100 ## - MAIN ENTRY--AUTHOR NAME | |
| Personal name | MANN, F.G. AND SAUNDERS,B.C. |
| 245 ## - TITLE STATEMENT | |
| Title | PRACTICAL ORGANIC CHEMISTRY |
| Statement of responsibility, etc | F.G.MANN AND B.C.SAUNDERS |
| 250 ## - EDITION STATEMENT | |
| Edition statement | 4th. |
| 260 ## - PUBLICATION, DISTRIBUTION, ETC. (IMPRINT) | |
| Name of publisher | PEARSON |
| Year of publication | 2009 |
| 300 ## - PHYSICAL DESCRIPTION | |
| Number of Pages | 586p, |
| 650 ## - SUBJECT ADDED ENTRY--TOPICAL TERM | |
| Topical Term | PHARMACY |
| General subdivision | B.PHARMA & D.PHARMA |
| 942 ## - ADDED ENTRY ELEMENTS (KOHA) | |
| Koha item type | Books |
| Lost status | Damaged status | Collection code | Home library | Current library | Shelving location | Date acquired | Source of acquisition | Cost, normal purchase price | Full call number | Accession Number | Koha item type |
|---|---|---|---|---|---|---|---|---|---|---|---|
| Reference | JRU Library | JRU Library | SHELF-3-B | 15/09/2017 | PURCHESS | 689.00 | 547 | 21903 | Books | ||
| PHARMACY | JRU Library | JRU Library | Shelf - 27- I | 15/09/2017 | PURCHESS | 689.00 | 547 | 21904 | Books | ||
| PHARMACY | JRU Library | JRU Library | Shelf - 27- I | 19/02/2022 | PURCHASE | 759.00 | 547 | 26569 | Books | ||
| PHARMACY | JRU Library | JRU Library | Shelf - 27- I | 21/02/2022 | PURCHASE | 759.00 | 547 | 26593 | Books | ||
| PHARMACY | JRU Library | JRU Library | Shelf - 27- I | 21/02/2022 | PURCHASE | 759.00 | 547 | 26594 | Books |